书目信息 |
| 题名: |
操作系统重点难点及典型题精解
|
|
| 作者: | 陆丽娜 , 柯丽芳 编著 | |
| 分册: | ||
| 出版信息: | 西安 西安交通大学出版社 2002.09 |
|
| 页数: | 243页 | |
| 开本: | 26cm | |
| 丛书名: | ||
| 单 册: | ||
| 中图分类: | TP316-44 | |
| 科图分类: | ||
| 主题词: | 软件 | |
| 电子资源: | ||
| ISBN: | 7-5605-1567-3 | |
| 000 | 00647nam0 2200205 45 | |
| 001 | 0440746915 | |
| 005 | 2004042811190515 | |
| 010 | @a7-5605-1567-3@dCNY 19.00 | |
| 100 | @a20040428d2002 km y0chiy0120 ea | |
| 101 | 0 | @achi |
| 102 | @aCN@b610000 | |
| 200 | 1 | @a操作系统重点难点及典型题精解@ACao Zuo Xi Tong Zhong Dian Nan Dian Ji Dian Xing Ti Jing Jie@f陆丽娜,柯丽芳编著@Flu li na,ke li fang bian zhu |
| 210 | @a西安@c西安交通大学出版社@d2002.09 | |
| 215 | @a243页@d26cm | |
| 606 | 0 | @a软件 |
| 690 | 1 | @aTP316-44@v4 |
| 701 | 0 | @a陆丽娜@Alu li na@4编著 |
| 701 | 0 | @a柯丽芳@Ake li fang@4编著 |
| 801 | 0 | @aCN@bPFT@c20040428 |
| 905 | @dTP316-44@eL845 | |
| 操作系统重点难点及典型题精解/陆丽娜,柯丽芳编著.-西安:西安交通大学出版社,2002.09 |
| 243页;26cm |
| ISBN 7-5605-1567-3:CNY 19.00 |
| ● |
| 相关链接 |
|
|
|
正题名:操作系统重点难点及典型题精解
索取号:TP316-44/L845
 
预约/预借
| 序号 | 登录号 | 条形码 | 馆藏地/架位号 | 状态 | 备注 |
| 1 | 382892 | 203828929 | 期刊室512/301自科库 57排6列2层/ [索取号:TP316-44/L845] | 在馆 | |
| 2 | 382893 | 203828938 | 自科库301/ [索取号:TP316-44/L845] | 在馆 | |
| 3 | 382894 | 203828947 | 期刊室512/301自科库 51排5列4层/ [索取号:TP316-44/L845] | 在馆 |